00748 a2200205 4500010001400000020002300014035001300037037001600050082001100066090001700077100001600094245004600110260004900156270009900205300002300304500004000327942002600367999001700393952013200410 aENG-89381 a8131303283c695.00 aEN-72914 bDBAD / PUB14a323.07 c10828d108281 aManjot Kaur1 aTeaching of human rights/cby Manjot Kaur aNew DelhibAPH Publishing Corporationc2008 a4435-36/7, Ansari Road, Darya Ganj,bNew DelhicDelhie110002k011-23274050maphbook@vsnl.net a304pc22 cm ( Hb.) aIncludes bibliographical reference adplcENk323.07 / MAN c10528d10528 00102ddc40718NFICaDBADbDBADeDBAD/PUBg695.00l0o323.07pEN-72914r2008-09-15 00:00:00t1u11598v695.00w2008-09-15yEN